| 000 | 00654cam a22002291 4500 | ||
|---|---|---|---|
| 001 | sa 67000393 | ||
| 003 | DLC | ||
| 005 | 20260227112314.0 | ||
| 008 | 890824s1965 ii 000 0 eng | ||
| 010 | _asa 67000393 | ||
| 025 | _aPL480:I-E-7194 | ||
| 035 | _a(OCoLC)20253228 | ||
| 040 |
_aDLC _cCU _dDLC |
||
| 042 | _apremarc | ||
| 050 | 0 | 0 |
_aLA1154.R3 _bA5 |
| 110 | 1 |
_aRajasthan (India). _bEducation Department. |
|
| 245 | 1 | 0 | _aEducational development in Rajasthan. |
| 260 |
_aJaipur _c[1965] |
||
| 300 |
_a3, 110 p. _c25 cm. |
||
| 500 | _aStamped on t.p.: Memorandum submitted to Education Commission. | ||
| 650 | 0 |
_aEducation _zIndia _zRajasthan. |
|
| 999 |
_c71957 _d71957 |
||